Normal view
MARC view
Entry Topical Term
001 - CONTROL NUMBER
- control field: 81080
003 - CONTROL NUMBER IDENTIFIER
- control field: OSt
005 - DATE AND TIME OF LATEST TRANSACTION
- control field: 20230331152421.0
008 - FIXED-LENGTH DATA ELEMENTS
- fixed length control field: 230331|| aca||aabn | a|a d
040 ## - CATALOGING SOURCE
- Original cataloging agency: OSt
- Transcribing agency: OSt
150 ## - HEADING--TOPICAL TERM
- Topical term or geographic name entry element: Statistics
670 ## - SOURCE DATA FOUND
- Source citation: Work cat.: (OSt)168981: HOGG (Robert V);TANIS (Elliot A);RAO (Jagan Mohan) 81079, Probability and statistical inference Ed 7, 2006